| 000 | 00465nam a2200181Ia 4500 | ||
|---|---|---|---|
| 001 | 18111 | ||
| 005 | 20260306171606.0 | ||
| 008 | 260306s9999||||xx |||||||||||||| ||und|| | ||
| 041 | _aESP | ||
| 082 |
_a658.4012 _bD18 |
||
| 100 |
_aD´Alessio Ipinza, Fernando A. _eAUT |
||
| 245 | 0 |
_aEl proceso estratégico: _bun enfoque de gerencia |
|
| 260 | _c2008 | ||
| 300 |
_axxvi, 444 páginas : _c23 cm. |
||
| 650 | _aGEN | ||
| 654 | _aCAN | ||
| 942 |
_cLIB _dJUS _fJUS _2ddc _n |
||
| 999 |
_c18111 _d18111 |
||